| 000 | 00400nam a22001457a 4500 | ||
|---|---|---|---|
| 020 | _a0070692912 | ||
| 082 |
_a363.728 _bWEN _cL-28, P-139 |
||
| 100 |
_aA. Wentz, Charles. _938133 |
||
| 245 |
_aHazardous waste management. _cCharles A.Wetz. |
||
| 260 |
_aUSA : _bMcGraw-Hill, _c1989. |
||
| 300 | _avii, 461 p. : | ||
| 526 |
_a0 _b0 _c0 _d363_728000000000000_WEN |
||
| 650 |
_aMCE _9379 |
||
| 942 |
_2ddc _cBK |
||
| 999 |
_c542794 _d542794 |
||